Normal view
MARC view
- تأليف: بيك،محمد الفتح محمد
Entry Personal Name
001 - CONTROL NUMBER
- control field: 28756
003 - CONTROL NUMBER IDENTIFIER
- control field: JO-AjAnu
005 - DATE AND TIME OF LATEST TRANSACTION
- control field: 20230606074853.0
008 - FIXED-LENGTH DATA ELEMENTS
- fixed length control field: 230606|| aca||aabn | a|a d
040 ## - CATALOGING SOURCE
- Original cataloging agency: JO-AjAnu
- Transcribing agency: JO-AjAnu
100 ## - HEADING--PERSONAL NAME
- Personal name: تأليف: بيك،محمد الفتح محمد
670 ## - SOURCE DATA FOUND
- Source citation: Work cat.: (JO-AjAnu)14760: تأليف: بيك،محمد الفتح محمد, author, محاسبة التكاليف في الشركات المنتجة للبترول: دراسة تحليلية تطبيقية